|
|
|
|
| LEADER |
01042nam a2200277 a 4500 |
| 001 |
4104 |
| 003 |
BD-DhAAL |
| 005 |
20150524094603.0 |
| 008 |
150524s1999 nyua b 001 0ceng |
| 010 |
|
|
|a 98048060
|
| 020 |
|
|
|a 0679438408 (cloth)
|
| 040 |
|
|
|a DLC
|c DLC
|d DLC
|d BD-DhAAL
|
| 050 |
0 |
0 |
|a PN1998.2
|b .B373 1999
|
| 082 |
0 |
0 |
|a 791.43/028/092273
|a B
|2 21
|
| 100 |
1 |
|
|a Basinger, Jeanine.
|9 11337
|
| 245 |
1 |
0 |
|a Silent stars /
|c Jeanine Basinger.
|
| 250 |
|
|
|a 1st ed.
|
| 260 |
|
|
|a New York :
|b Knopf :
|b Distributed by Random House,
|c 1999.
|
| 300 |
|
|
|a x, 497 p. :
|b ill. ;
|c 24 cm.
|
| 504 |
|
|
|a Includes bibliographical references (p. 476-480) and index.
|
| 541 |
|
|
|e 4104
|
| 650 |
|
0 |
|a Motion picture actors and actresses
|z United States
|x Biography.
|9 11338
|
| 650 |
|
0 |
|a Silent films
|z United States
|x History and criticism.
|9 11339
|
| 942 |
|
|
|2 ddc
|c BK
|
| 999 |
|
|
|c 34497
|d 34497
|
| 952 |
|
|
|0 0
|1 0
|2 ddc
|4 0
|6 791_430280922730000_BAS
|7 0
|9 53844
|a SCL
|b SCL
|c GEN
|d 2015-05-24
|l 1
|o 791.43028092273 BAS
|p 3020004104
|r 2019-11-30
|s 2019-11-30
|t 1
|w 2015-05-24
|y BK
|